00584nam a22001817a 4500003000900000005001700009008004100026040001300067100002700080245004300107260002600150300002000176490005000196500002500246942001200271999001900283952010000302IT-RoPau20220918181220.0140519b xxu||||| |||| 00| 0 eng d cIT-RoPau aRicci, M. Lucia925800 aOur rule of lifeb1. Stages of Journey aRomabC.S.C.M. c1998 a38 pp.c20,5 cm aPDDM - Our rule of lifev1. Stages of Journey a1. Stages of Journey 2ddccBK c104373d104373 00102ddc406P_D671aPAULUSbPAULUSd2014-05-19l0oP D6r2014-05-19 00:00:00w2014-05-19yBK